[Event "14. Open de la Constitución 2013"]
[Site "San Sebastian de los Reyes ES"]
[Date "2013.11.30"]
[Round "1.1"]
[White "Almagro Llamas, Pablo"]
[Black "Rodriguez Anton, Jose Miguel"]
[Result "1-0"]
[WhiteElo "2467"]
[BlackElo "1761"]
[PlyCount "23"]
[EventDate "2013.11.30"]
[EventType "swiss"]
[EventRounds "9"]
[EventCountry "ESP"]
[Source "lmi"]
[SourceDate "2013.11.30"]

1. e4 c5 2. Nf3 d6 3. d4 cxd4 4. Nxd4 Nf6 5. Nc3 a6 6. Bc4 e6 7. Bb3 Be7 8. g4
b5 9. g5 Nfd7 10. Bxe6 Nc5 11. Bxc8 Qxc8 12. Nf5 1-0

[Event "14. Open de la Constitución 2013"]
[Site "San Sebastian de los Reyes ES"]
[Date "2013.11.30"]
[Round "1.2"]
[White "Neila Ausin, Eva"]
[Black "Rubio Mejia, Luis Ignacio"]
[Result "0-1"]
[WhiteElo "1758"]
[BlackElo "2452"]
[PlyCount "64"]
[EventDate "2013.11.30"]
[EventType "swiss"]
[EventRounds "9"]
[EventCountry "ESP"]
[Source "lmi"]
[SourceDate "2013.11.30"]

1. d4 d5 2. Nf3 Nf6 3. c4 c6 4. Nc3 a6 5. a4 e6 6. Bg5 Be7 7. e3 a5 8. Qc2 Na6
9. Rc1 h6 10. Bh4 Nb4 11. Qb1 O-O 12. Be2 b6 13. O-O Ba6 14. Ne5 Nd7 15. Bxe7
Qxe7 16. Nxd7 Qxd7 17. b3 Rac8 18. Rfd1 Qe7 19. Bf1 Rfd8 20. Ne2 dxc4 21. bxc4
c5 22. Nf4 Bb7 23. Qb2 Bc6 24. Ra1 Be4 25. Rac1 Rd7 26. Nd3 Bxd3 27. Bxd3 Rcd8
28. Be4 Qf6 29. Qe2 cxd4 30. exd4 Rxd4 31. Re1 Na6 32. Qb2 Rxe4 0-1

[Event "14. Open de la Constitución 2013"]
[Site "San Sebastian de los Reyes ES"]
[Date "2013.11.30"]
[Round "1.3"]
[White "Hernando Pertierra, Jose C"]
[Black "Sirera Ripoll, Jose Luis"]
[Result "1-0"]
[WhiteElo "2379"]
[BlackElo "1753"]
[PlyCount "85"]
[EventDate "2013.11.30"]
[EventType "swiss"]
[EventRounds "9"]
[EventCountry "ESP"]
[Source "lmi"]
[SourceDate "2013.11.30"]

1. Nf3 d5 2. c4 Nf6 3. g3 g6 4. b3 dxc4 5. bxc4 Bg7 6. Bb2 O-O 7. Bg2 c6 8. O-O
Na6 9. d3 Nc7 10. Nbd2 Ne6 11. Nb3 a5 12. a4 Bd7 13. Qc2 Ne8 14. Bxg7 Kxg7 15.
Rfb1 Qc7 16. c5 f6 17. Nfd2 Nd8 18. Nc4 Be6 19. Nb6 Ra6 20. d4 Kg8 21. e4 Ng7
22. Bf1 Rxb6 23. cxb6 Qxb6 24. Nc5 Qc7 25. Nxe6 Ngxe6 26. d5 Ng5 27. Bg2 f5 28.
Qb3 e6 29. dxe6 Ngxe6 30. exf5 Rxf5 31. Bh3 Rf6 32. Re1 Qf7 33. Rad1 Kg7 34.
Qe3 c5 35. Rxd8 Nxd8 36. Qxc5 Nc6 37. Bg2 Rf5 38. Qb6 Qa2 39. Bxc6 bxc6 40.
Qd4+ Kf7 41. Qa7+ Kf8 42. Qd4 Qf7 43. Qh8+ 1-0

[Event "14. Open de la Constitución 2013"]
[Site "San Sebastian de los Reyes ES"]
[Date "2013.11.30"]
[Round "1.4"]
[White "Hernandez Ramos, David"]
[Black "Valles Moreno, Ivan"]
[Result "0-1"]
[WhiteElo "1753"]
[BlackElo "2373"]
[PlyCount "64"]
[EventDate "2013.11.30"]
[EventType "swiss"]
[EventRounds "9"]
[EventCountry "ESP"]
[Source "lmi"]
[SourceDate "2013.11.30"]

1. d4 g6 2. c4 Bg7 3. Nc3 d6 4. Nf3 Nf6 5. Bg5 h6 6. Bf4 Nbd7 7. Qd2 c5 8. d5
g5 9. Bg3 Nh5 10. e4 a6 11. Bd3 Qa5 12. O-O Nxg3 13. hxg3 Ne5 14. Nxe5 Bxe5 15.
Rac1 Bd7 16. Qe2 h5 17. f4 Bd4+ 18. Kh2 h4 19. g4 gxf4 20. Qd1 Be5 21. Kh3
O-O-O 22. Be2 Rdg8 23. Bf3 Rg5 24. a3 Rhg8 25. Rf2 Qd8 26. b4 Rxg4 27. Bxg4
Bxg4+ 28. Qxg4+ Rxg4 29. Kxg4 Qg8+ 30. Kf3 Qg3+ 31. Ke2 Qe3+ 32. Kf1 Qxc1+ 0-1

[Event "14. Open de la Constitución 2013"]
[Site "San Sebastian de los Reyes ES"]
[Date "2013.11.30"]
[Round "1.5"]
[White "Adan Bermudez, Sergio"]
[Black "Tronch Ilzarbe, Carlos Maria"]
[Result "1-0"]
[WhiteElo "2312"]
[BlackElo "1753"]
[PlyCount "85"]
[EventDate "2013.11.30"]
[EventType "swiss"]
[EventRounds "9"]
[EventCountry "ESP"]
[Source "lmi"]
[SourceDate "2013.11.30"]

1. c4 c5 2. g3 g6 3. Bg2 Bg7 4. Nc3 Nc6 5. a3 Nf6 6. Rb1 Rb8 7. b4 cxb4 8. axb4
O-O 9. b5 Ne5 10. d3 b6 11. f4 Neg4 12. e4 Bb7 13. Nge2 h5 14. h3 Nh6 15. O-O
Qc7 16. Be3 Ne8 17. f5 Kh7 18. fxg6+ fxg6 19. Rxf8 Bxf8 20. Nd5 Bxd5 21. cxd5
d6 22. Nd4 Ng7 23. Nc6 Ra8 24. Ra1 Nf7 25. Ra6 Qb7 26. Qa4 Ne5 27. Nxa7 Nxd3
28. Nc6 Re8 29. Rxb6 Qd7 30. Qa6 Nc5 31. Bxc5 dxc5 32. Rb7 Qc8 33. Rb8 Qd7 34.
Ne5 Qc7 35. Qxg6+ Kg8 36. Qf7+ Kh7 37. Rxe8 Qxe5 38. Rxf8 c4 39. Qf4 Qd4+ 40.
Kh2 c3 41. e5 c2 42. Be4+ Qxe4 43. Qxe4+ 1-0

[Event "14. Open de la Constitución 2013"]
[Site "San Sebastian de los Reyes ES"]
[Date "2013.11.30"]
[Round "1.6"]
[White "Mazo Fernandez, Roberto"]
[Black "Lopez De Turiso, Jose Angel"]
[Result "1/2-1/2"]
[WhiteElo "1740"]
[BlackElo "2123"]
[PlyCount "103"]
[EventDate "2013.11.30"]
[EventType "swiss"]
[EventRounds "9"]
[EventCountry "ESP"]
[Source "lmi"]
[SourceDate "2013.11.30"]

1. d4 Nf6 2. c4 e5 3. dxe5 Ne4 4. Nf3 Nc6 5. Qc2 Bb4+ 6. Nbd2 Nxd2 7. Bxd2
Bxd2+ 8. Qxd2 Qe7 9. Qc3 O-O 10. e3 Re8 11. Be2 Nxe5 12. Nxe5 Qxe5 13. Qxe5
Rxe5 14. Rd1 d6 15. O-O Bd7 16. Rd4 Bc6 17. Rc1 b6 18. b4 a5 19. b5 Bb7 20. a4
Rae8 21. Rcd1 Kf8 22. g3 R8e6 23. Bf1 Bf3 24. R1d2 Ke7 25. Be2 Bb7 26. Bf1 f5
27. Bg2 Bxg2 28. Kxg2 Rc5 29. Kf3 Ree5 30. Ke2 g5 31. f4 gxf4 32. gxf4 Re6 33.
Kf3 Rg6 34. Rg2 Rxg2 35. Kxg2 d5 36. cxd5 Kd6 37. e4 fxe4 38. Rxe4 Rxd5 39. Kg3
Rh5 40. h4 Rc5 41. Kg4 h5+ 42. Kf3 Rc3+ 43. Re3 Rc4 44. Re4 Rb4 45. f5 Kd5 46.
Re7 Rxa4 47. f6 Kd6 48. Re2 Ra1 49. Kg2 Ra4 50. Kf3 Ra1 51. Kg2 Ra4 52. Kg3
1/2-1/2

[Event "14. Open de la Constitución 2013"]
[Site "San Sebastian de los Reyes ES"]
[Date "2013.11.30"]
[Round "1.7"]
[White "Castejon Caballero, Andres"]
[Black "Menendez Hernandez, Jose Daniel"]
[Result "1-0"]
[WhiteElo "2121"]
[BlackElo "1705"]
[PlyCount "89"]
[EventDate "2013.11.30"]
[EventType "swiss"]
[EventRounds "9"]
[EventCountry "ESP"]
[Source "lmi"]
[SourceDate "2013.11.30"]

1. e4 c5 2. Nf3 g6 3. d4 cxd4 4. Nxd4 Nc6 5. Nxc6 bxc6 6. Bd3 Bg7 7. O-O Nf6 8.
c4 O-O 9. e5 Ne8 10. Re1 Qb6 11. Qc2 Nc7 12. Be3 c5 13. Nc3 Bb7 14. Na4 Qc6 15.
f3 Ne6 16. Be4 Qc7 17. Bxb7 Qxb7 18. Nxc5 Nxc5 19. Bxc5 d6 20. Bd4 Rac8 21.
Rac1 Rfd8 22. b3 Bh6 23. Rcd1 d5 24. c5 Qb4 25. Bf2 d4 26. Qe4 Bd2 27. Re2 Bc3
28. c6 Qc5 29. Rc2 Qxc6 30. Qxc6 Rxc6 31. Rd3 Rd5 32. f4 a5 33. Kf1 Rcc5 34. g3
e6 35. Be1 Bxe1 36. Rxc5 Rxc5 37. Kxe1 Rc2 38. Rd2 Rc1+ 39. Ke2 Kf8 40. Kd3 Rc5
41. Kxd4 Rd5+ 42. Kc3 Ke7 43. Rxd5 exd5 44. Kd4 Ke6 45. a3 1-0

[Event "14. Open de la Constitución 2013"]
[Site "San Sebastian de los Reyes ES"]
[Date "2013.11.30"]
[Round "1.8"]
[White "Martinez Miura, Enrique"]
[Black "Cabañas Bravo, Juan Andres"]
[Result "0-1"]
[WhiteElo "1693"]
[BlackElo "2089"]
[PlyCount "78"]
[EventDate "2013.11.30"]
[EventType "swiss"]
[EventRounds "9"]
[EventCountry "ESP"]
[Source "lmi"]
[SourceDate "2013.11.30"]

1. e4 d5 2. exd5 Nf6 3. d4 Bg4 4. Be2 Bxe2 5. Nxe2 Qxd5 6. O-O Nc6 7. c3 O-O-O
8. Qa4 e6 9. Na3 h5 10. Bf4 Qe4 11. Rfe1 Nd5 12. Bg5 f6 13. Nf4 Qf5 14. Nxd5
exd5 15. Be3 h4 16. h3 a6 17. b4 Na7 18. Rec1 Kb8 19. c4 dxc4 20. Nxc4 Qb5 21.
Qc2 Nc6 22. a4 Qxb4 23. Rab1 Qe7 24. Qb3 Qb4 25. Qa2 Qe7 26. Qb3 Nb4 27. Bd2 c5
28. dxc5 Nd3 29. Rc3 Nxc5 30. Bf4+ Ka8 31. Qb6 Qd7 32. Bc7 Rc8 33. Re3 Rxc7 34.
Qxc7 Qxc7 35. Re8+ Ka7 36. a5 Qf7 37. Nd6 Bxd6 38. Rxh8 Qa2 39. Rd1 Ne4 0-1

[Event "14. Open de la Constitución 2013"]
[Site "San Sebastian de los Reyes ES"]
[Date "2013.11.30"]
[Round "1.9"]
[White "Alvarez Abejon, Amilcar"]
[Black "Martinez De Navascues, Francisco"]
[Result "1-0"]
[WhiteElo "2081"]
[BlackElo "1656"]
[PlyCount "87"]
[EventDate "2013.11.30"]
[EventType "swiss"]
[EventRounds "9"]
[EventCountry "ESP"]
[Source "lmi"]
[SourceDate "2013.11.30"]

1. d4 b6 2. c4 e6 3. Nc3 Nf6 4. e4 Bb7 5. Bd3 Bb4 6. Qc2 Nc6 7. Nf3 h6 8. O-O
Bxc3 9. Qxc3 Qe7 10. d5 Nb4 11. e5 Nxd3 12. Qxd3 Nh7 13. Bd2 exd5 14. cxd5 O-O
15. Rac1 Rac8 16. Rfe1 Rfe8 17. Re4 Nf8 18. Nh4 Ng6 19. Nf5 Qf8 20. Bc3 Ne7 21.
Bb4 d6 22. exd6 Nxd5 23. d7 Nxb4 24. Rxe8 Rxe8 25. dxe8=Q Qxe8 26. Qc3 Qf8 27.
Qxc7 Qa8 28. f3 Nd5 29. Ne7+ Nxe7 30. Qxe7 Bd5 31. Rd1 Kh7 32. Qd6 Bxa2 33.
Qd3+ g6 34. b3 Qe8 35. Ra1 Qe6 36. Rxa2 Qe1+ 37. Qf1 Qe3+ 38. Kh1 Qxb3 39. Rxa7
b5 40. Rb7 b4 41. Qe1 h5 42. Rxb4 Qd5 43. h3 g5 44. Qe4+ 1-0

[Event "14. Open de la Constitución 2013"]
[Site "San Sebastian de los Reyes ES"]
[Date "2013.11.30"]
[Round "1.10"]
[White "Garcia Lopez, Fernando"]
[Black "Bustos Serrano, Doroteo"]
[Result "0-1"]
[WhiteElo "1626"]
[BlackElo "2055"]
[PlyCount "86"]
[EventDate "2013.11.30"]
[EventType "swiss"]
[EventRounds "9"]
[EventCountry "ESP"]
[Source "lmi"]
[SourceDate "2013.11.30"]

1. e4 e5 2. Nf3 f5 3. d3 Nc6 4. Nc3 Nf6 5. Bg5 Bb4 6. a3 Bxc3+ 7. bxc3 d6 8.
exf5 Bxf5 9. Rb1 Rb8 10. Be2 O-O 11. O-O h6 12. Bd2 Qd7 13. Rb2 Bh7 14. Qb1 b6
15. Qa2+ Kh8 16. d4 e4 17. Ne1 Ne7 18. c4 Nf5 19. c3 Rbe8 20. Nc2 Qf7 21. Ne3
Nh4 22. a4 Nh5 23. Bxh5 Qxh5 24. Be1 Qg6 25. Kh1 Qg5 26. Rg1 Bg8 27. Qb1 Nf5
28. Bd2 Nxe3 29. Bxe3 Qa5 30. Qc1 Rf6 31. Rb5 Qxa4 32. Rh5 Bf7 33. Rh4 Qa5 34.
Bxh6 gxh6 35. Rxh6+ Rxh6 36. Qxh6+ Kg8 37. g4 Re6 38. Qh4 Qxc3 39. Qd8+ Kg7 40.
d5 Rf6 41. Rg3 Qe1+ 42. Kg2 Qxf2+ 43. Kh3 Rh6+ 0-1

[Event "14. Open de la Constitución 2013"]
[Site "San Sebastian de los Reyes ES"]
[Date "2013.11.30"]
[Round "1.12"]
[White "Aziz Ortego, Omar Luis"]
[Black "Igea Benito, Angel"]
[Result "1-0"]
[WhiteElo "2037"]
[BlackElo "1583"]
[PlyCount "39"]
[EventDate "2013.11.30"]
[EventType "swiss"]
[EventRounds "9"]
[EventCountry "ESP"]
[Source "lmi"]
[SourceDate "2013.11.30"]

1. e4 c5 2. c4 e5 3. f4 d6 4. d3 Nc6 5. Nf3 Nf6 6. Be2 Be7 7. O-O O-O 8. h3 h6
9. f5 Nh7 10. Nc3 Ng5 11. Nh2 Nd4 12. Nd5 Nxe2+ 13. Qxe2 Nh7 14. Ng4 Bg5 15. f6
Bxf6 16. Ngxf6+ Nxf6 17. Rxf6 gxf6 18. Bxh6 f5 19. Qh5 Be6 20. exf5 1-0

[Event "14. Open de la Constitución 2013"]
[Site "San Sebastian de los Reyes ES"]
[Date "2013.11.30"]
[Round "1.13"]
[White "Anton Quevedo, Andrea"]
[Black "Castejon Caballero, Natalia"]
[Result "0-1"]
[WhiteElo "1504"]
[BlackElo "2011"]
[PlyCount "74"]
[EventDate "2013.11.30"]
[EventType "swiss"]
[EventRounds "9"]
[EventCountry "ESP"]
[Source "lmi"]
[SourceDate "2013.11.30"]

1. e4 c5 2. Nf3 d6 3. d4 cxd4 4. Nxd4 Nf6 5. Nc3 g6 6. f3 Bg7 7. Be3 O-O 8. Qd2
Nc6 9. O-O-O d5 10. h3 e5 11. Nxc6 bxc6 12. exd5 cxd5 13. Nxd5 Be6 14. Nxf6+
Bxf6 15. Qb4 Qc7 16. Bd3 Rab8 17. Qc5 Qb7 18. b3 Rfc8 19. Qxa7 Qb4 20. Bd2 Qf8
21. Be4 Ra8 22. Bxa8 Rxa8 23. Qxa8 Qxa8 24. Kb1 e4 25. fxe4 Qxe4 26. g4 Qd4 27.
c3 Qd3+ 28. Kb2 Qa6 29. a4 Qb6 30. b4 Qxb4+ 31. Kc1 Qa3+ 32. Kc2 Bb3+ 33. Kd3
Bxd1 34. Rxd1 Qxa4 35. Rb1 Qa6+ 36. Ke4 Qe2+ 37. Be3 Bg5 0-1

[Event "14. Open de la Constitución 2013"]
[Site "San Sebastian de los Reyes ES"]
[Date "2013.11.30"]
[Round "1.14"]
[White "Gonzalez Mateos, Rafael"]
[Black "Infante Martin, Alonso"]
[Result "1-0"]
[WhiteElo "2010"]
[BlackElo "1498"]
[PlyCount "47"]
[EventDate "2013.11.30"]
[EventType "swiss"]
[EventRounds "9"]
[EventCountry "ESP"]
[Source "lmi"]
[SourceDate "2013.11.30"]

1. d4 d5 2. c3 Nf6 3. Bg5 Nbd7 4. Nf3 e6 5. Nbd2 c6 6. Qc2 Bd6 7. e4 e5 8. exd5
exd4 9. dxc6 bxc6 10. Nxd4 Qe7+ 11. Be2 Bb7 12. Nf5 Qe5 13. Nc4 Qd5 14. Ncxd6+
Kf8 15. Bxf6 Nxf6 16. Nxb7 Ne4 17. Ne3 Qe5 18. O-O Rb8 19. Nc4 Qe7 20. Nba5 Qe6
21. Rae1 g6 22. Bf3 f5 23. Bxe4 fxe4 24. Qxe4 1-0

[Event "14. Open de la Constitución 2013"]
[Site "San Sebastian de los Reyes ES"]
[Date "2013.11.30"]
[Round "1.15"]
[White "Ruiz Sanchez, Roberto"]
[Black "Hernandez Ramos, Alberto"]
[Result "1-0"]
[WhiteElo "1972"]
[BlackElo "1457"]
[PlyCount "89"]
[EventDate "2013.11.30"]
[EventType "swiss"]
[EventRounds "9"]
[EventCountry "ESP"]
[Source "lmi"]
[SourceDate "2013.11.30"]

1. e4 e5 2. Nf3 Nc6 3. Bb5 d6 4. d4 Bd7 5. O-O Nf6 6. Nc3 Be7 7. h3 a6 8. Bxc6
Bxc6 9. Re1 exd4 10. Nxd4 Bd7 11. Qf3 c5 12. Nf5 Bxf5 13. Qxf5 Qd7 14. Qf3 O-O
15. Bf4 Rad8 16. Rad1 Rfe8 17. e5 b5 18. exf6 Bxf6 19. b3 Qf5 20. Ne4 Bd4 21.
Nxd6 Rxe1+ 22. Rxe1 Qd7 23. c3 Bf6 24. Qe3 h6 25. Ne4 Qc6 26. Nxf6+ Qxf6 27.
Qe5 Qc6 28. Qc7 Qf6 29. Be5 Qg5 30. Qxc5 f6 31. Bd4 Qd2 32. Qe7 Rf8 33. Re2
Qc1+ 34. Re1 Qd2 35. Qe2 Qg5 36. Qe6+ Kh7 37. Qxa6 Rd8 38. Qb6 Ra8 39. a4 bxa4
40. Qc6 Ra5 41. bxa4 Kg6 42. Qe4+ Rf5 43. g4 Qd2 44. Qxf5+ Kf7 45. Qe6+ 1-0

[Event "14. Open de la Constitución 2013"]
[Site "San Sebastian de los Reyes ES"]
[Date "2013.11.30"]
[Round "1.16"]
[White "Hidalgo Prado, David"]
[Black "Baeza Escudero, Javier"]
[Result "0-1"]
[WhiteElo "1455"]
[BlackElo "1969"]
[PlyCount "50"]
[EventDate "2013.11.30"]
[EventType "swiss"]
[EventRounds "9"]
[EventCountry "ESP"]
[Source "lmi"]
[SourceDate "2013.11.30"]

1. e4 e5 2. Nf3 Nc6 3. Bb5 a6 4. Ba4 Nf6 5. Qe2 b5 6. Bb3 Be7 7. c3 d6 8. d3
Na5 9. Bc2 c5 10. b3 O-O 11. b4 cxb4 12. cxb4 Nc6 13. Bd2 Bg4 14. Bc3 d5 15. a3
Rc8 16. Qd2 Qc7 17. h3 Bh5 18. g4 dxe4 19. gxh5 exf3 20. Qe3 Nd5 21. Qd2 Nd4
22. Bxd4 exd4 23. Ra2 Qe5+ 24. Kd1 Bg5 25. Re1 Qf5 0-1

[Event "14. Open de la Constitución 2013"]
[Site "San Sebastian de los Reyes ES"]
[Date "2013.11.30"]
[Round "1.17"]
[White "Serrano Martinez, Francisco Jose"]
[Black "Martin Rodriguez, Jose Luis"]
[Result "1-0"]
[WhiteElo "1951"]
[BlackElo "1443"]
[PlyCount "79"]
[EventDate "2013.11.30"]
[EventType "swiss"]
[EventRounds "9"]
[EventCountry "ESP"]
[Source "lmi"]
[SourceDate "2013.11.30"]

1. d4 Nf6 2. c4 e6 3. Nf3 Bb4+ 4. Bd2 Qe7 5. a3 Bxd2+ 6. Nbxd2 d5 7. Rc1 O-O 8.
e3 Nc6 9. Bd3 e5 10. dxe5 Nxe5 11. Nxe5 Qxe5 12. Qc2 Bg4 13. h3 Bh5 14. O-O d4
15. exd4 Qxd4 16. Nb3 Qf4 17. Rce1 Rfe8 18. Qc3 Rad8 19. Rxe8+ Rxe8 20. Re1
Rxe1+ 21. Qxe1 Kf8 22. Qb4+ Qd6 23. Qxd6+ cxd6 24. Kf1 Bg6 25. Bxg6 hxg6 26.
Ke2 Ke7 27. Na5 Kd7 28. Nxb7 Kc7 29. Na5 Kb6 30. b4 Nd7 31. f4 Nf6 32. Ke3 Nd7
33. Nb3 a6 34. g4 Nf8 35. Ke4 Ne6 36. Nd4 Nc7 37. f5 g5 38. Nf3 f6 39. Nd4 Ne8
40. Kd5 1-0

[Event "14. Open de la Constitución 2013"]
[Site "San Sebastian de los Reyes ES"]
[Date "2013.11.30"]
[Round "1.18"]
[White "Guillo Longares, Cecilia"]
[Black "Sacristan Virseda, Fernando"]
[Result "0-1"]
[WhiteElo "1398"]
[BlackElo "1941"]
[PlyCount "126"]
[EventDate "2013.11.30"]
[EventType "swiss"]
[EventRounds "9"]
[EventCountry "ESP"]
[Source "lmi"]
[SourceDate "2013.11.30"]

1. c4 Nf6 2. Nc3 g6 3. g3 Bg7 4. Bg2 O-O 5. Nf3 d6 6. O-O c6 7. d4 Nbd7 8. Bf4
Nb6 9. b3 d5 10. cxd5 Nbxd5 11. Nxd5 Nxd5 12. Qd2 Nxf4 13. Qxf4 Qd6 14. Qxd6
exd6 15. Rac1 Bg4 16. e3 h6 17. h3 Be6 18. Nd2 a5 19. Ne4 Rfd8 20. Nc3 Bf5 21.
g4 Bc8 22. Na4 Ra6 23. Nc3 f5 24. Bf3 fxg4 25. Bxg4 Bxg4 26. hxg4 b5 27. Ne4
Kf7 28. Kg2 Ke7 29. g5 h5 30. Rh1 Rf8 31. Rh3 Kd7 32. Rf3 Rxf3 33. Kxf3 Ke7 34.
Kf4 a4 35. b4 a3 36. d5 Be5+ 37. Kf3 Kd7 38. dxc6+ Rxc6 39. Rd1 Ke6 40. Rd3 Rc4
41. Rxa3 Kf5 42. Rd3 Rxe4 43. Rd5 Rxb4 44. Kg2 Rb2 45. Kf3 Rxa2 46. Rxb5 Kxg5
47. Rb8 h4 48. Kg2 Bg3 49. Rb5+ Kf6 50. Kh3 Rxf2 51. Rb8 Rf5 52. e4 Re5 53. Rb4
Kg5 54. Rd4 Re6 55. Rd5+ Kf6 56. Rd4 g5 57. e5+ Kxe5 58. Rg4 Kf5 59. Rb4 Re4
60. Rb5+ Kf4 61. Rb8 g4+ 62. Kg2 h3+ 63. Kf1 Re1# 0-1

[Event "14. Open de la Constitución 2013"]
[Site "San Sebastian de los Reyes ES"]
[Date "2013.11.30"]
[Round "1.19"]
[White "Marcos Herrero, Francisco"]
[Black "Reyes Peñas, Sebastian"]
[Result "1-0"]
[WhiteElo "1939"]
[BlackElo "1372"]
[PlyCount "101"]
[EventDate "2013.11.30"]
[EventType "swiss"]
[EventRounds "9"]
[EventCountry "ESP"]
[Source "lmi"]
[SourceDate "2013.11.30"]

1. d4 d5 2. c4 e6 3. Nf3 f5 4. g3 c6 5. Bg2 Nf6 6. O-O Be7 7. b3 O-O 8. Ba3
Bxa3 9. Nxa3 Ne4 10. Nc2 Nd7 11. Nce1 Qf6 12. e3 e5 13. dxe5 Nxe5 14. cxd5
Nxf3+ 15. Nxf3 Nc3 16. Qd2 Ne4 17. Qd4 Qxd4 18. Nxd4 cxd5 19. Rac1 Bd7 20. Rc7
Bc8 21. Rfc1 b6 22. Nc6 Be6 23. Nd4 Nc5 24. Nxe6 Nxe6 25. Bxd5 Rae8 26. Rc8 Kh8
27. Bxe6 Rxc8 28. Rxc8 Rxc8 29. Bxc8 Kg8 30. Be6+ Kf8 31. Bxf5 g6 32. Bd3 Ke7
33. Kf1 Kd6 34. Ke2 Kd5 35. Kd2 Ke5 36. f4+ Kd6 37. Kc3 Kc5 38. b4+ Kd6 39. Kd4
Ke6 40. e4 Kd6 41. e5+ Ke6 42. g4 Ke7 43. Kd5 g5 44. fxg5 b5 45. Bxh7 Kd7 46.
g6 a5 47. bxa5 b4 48. g7 b3 49. g8=Q bxa2 50. Qf7+ Kc8 51. Kc6 1-0

[Event "14. Open de la Constitución 2013"]
[Site "San Sebastian de los Reyes ES"]
[Date "2013.11.30"]
[Round "1.20"]
[White "Gomez Escurin, Jose Manuel"]
[Black "Largo Barbero, Benito"]
[Result "0-1"]
[WhiteElo "1301"]
[BlackElo "1920"]
[PlyCount "42"]
[EventDate "2013.11.30"]
[EventType "swiss"]
[EventRounds "9"]
[EventCountry "ESP"]
[Source "lmi"]
[SourceDate "2013.11.30"]

1. b3 c5 2. Bb2 d5 3. e3 Nc6 4. Be2 e5 5. d3 Be6 6. Nd2 Bd6 7. f4 Nh6 8. Ngf3
Nf5 9. Nf1 exf4 10. Qd2 fxe3 11. Nxe3 Bf4 12. d4 Nxe3 13. Bd3 Qe7 14. g3 Bh6
15. h4 Bg4 16. Qf2 O-O 17. Bxh7+ Kxh7 18. Ng5+ Kg8 19. Kd2 f6 20. Rae1 fxg5 21.
Rxe3 Rxf2+ 0-1

[Event "14. Open de la Constitución 2013"]
[Site "San Sebastian de los Reyes ES"]
[Date "2013.11.30"]
[Round "1.21"]
[White "Montiel Miguelez, Manuel"]
[Black "Jimenez Perez, Federico"]
[Result "1-0"]
[WhiteElo "1906"]
[BlackElo "1289"]
[PlyCount "86"]
[EventDate "2013.11.30"]
[EventType "swiss"]
[EventRounds "9"]
[EventCountry "ESP"]
[Source "lmi"]
[SourceDate "2013.11.30"]

1. e4 c5 2. Nf3 d6 3. d4 cxd4 4. Nxd4 Nf6 5. Nc3 a6 6. Be2 e5 7. Nb3 Be7 8. Be3
Be6 9. O-O Nc6 10. f4 O-O 11. f5 Bd7 12. Qe1 Nb4 13. Rc1 d5 14. exd5 Nbxd5 15.
Bd2 Qb6+ 16. Kh1 Ne3 17. Qf2 Ned5 18. Qg3 Nf4 19. Bxf4 exf4 20. Qxf4 Bd6 21.
Qh4 Bc6 22. Bf3 Qc7 23. Nd4 Bd7 24. Nd5 Nxd5 25. Bxd5 Be5 26. f6 Qd6 27. fxg7
Bxg7 28. Be4 h6 29. c3 Bc6 30. Nf5 Qe5 31. Bxc6 bxc6 32. Nxh6+ Bxh6 33. Qxh6
Qg7 34. Qxc6 Rad8 35. Rf3 Rc8 36. Qa4 Rc5 37. Re1 Rg5 38. Qc2 Qh6 39. Ree3 Rd8
40. Qe2 Kg7 41. Rg3 Rd1+ 42. Qxd1 Qg6 43. Rxg5 Qxg5 1-0

[Event "14. Open de la Constitución 2013"]
[Site "San Sebastian de los Reyes ES"]
[Date "2013.11.30"]
[Round "1.22"]
[White "Guillo Sanchez-Galiano, Ernesto"]
[Black "Alfaya Marcelo, Roberto"]
[Result "0-1"]
[WhiteElo "1209"]
[BlackElo "1893"]
[PlyCount "78"]
[EventDate "2013.11.30"]
[EventType "swiss"]
[EventRounds "9"]
[EventCountry "ESP"]
[Source "lmi"]
[SourceDate "2013.11.30"]

1. d4 Nf6 2. Nf3 g6 3. Bf4 d5 4. e3 Bg7 5. c4 O-O 6. Be2 b6 7. O-O Bb7 8. Nc3
Nbd7 9. h3 Rc8 10. b4 c5 11. b5 dxc4 12. Bxc4 cxd4 13. Qxd4 Ne4 14. Ne5 Nxe5
15. Bxe5 Qxd4 16. exd4 Rxc4 17. Bxg7 Kxg7 18. Nxe4 Bxe4 19. Rfe1 Rxd4 20. f3
Bf5 21. Rxe7 Rd7 22. Rae1 Kf6 23. Rxd7 Bxd7 24. a4 Rc8 25. Rd1 Be6 26. Rd6 Ke5
27. Rd3 Rc2 28. Rd8 Ra2 29. Re8 Kf4 30. Kh2 Rxa4 31. Re7 Ra5 32. Rc7 Rxb5 33.
Rxa7 Rb2 34. Ra4+ Ke3 35. Kg3 b5 36. Re4+ Kd3 37. Re5 b4 38. f4 Re2 39. Rxe2
Kxe2 0-1

[Event "14. Open de la Constitución 2013"]
[Site "San Sebastian de los Reyes ES"]
[Date "2013.12.01"]
[Round "2.1"]
[White "Ruiz Sanchez, Roberto"]
[Black "Almagro Llamas, Pablo"]
[Result "0-1"]
[WhiteElo "1972"]
[BlackElo "2467"]
[PlyCount "54"]
[EventDate "2013.11.30"]
[EventType "swiss"]
[EventRounds "9"]
[EventCountry "ESP"]
[Source "lmi"]
[SourceDate "2013.11.30"]

1. e4 c5 2. Nf3 Nc6 3. d4 cxd4 4. Nxd4 Nf6 5. Nc3 d6 6. Bg5 Qb6 7. Nb3 e6 8.
Qd2 a6 9. O-O-O Be7 10. h3 h6 11. Be3 Qc7 12. f4 b5 13. Bd3 Bb7 14. Rhe1 Na5
15. Bd4 Nc4 16. Qe2 Rc8 17. e5 dxe5 18. fxe5 Nd5 19. Nxd5 Bxd5 20. Kb1 a5 21.
Qg4 O-O 22. Qh5 a4 23. Nd2 a3 24. Bxc4 bxc4 25. b3 cxb3 26. cxb3 Qc2+ 27. Ka1
Bb4 0-1

[Event "14. Open de la Constitución 2013"]
[Site "San Sebastian de los Reyes ES"]
[Date "2013.12.01"]
[Round "2.2"]
[White "Rubio Mejia, Luis Ignacio"]
[Black "Serrano Martinez, Francisco Jose"]
[Result "1-0"]
[WhiteElo "2452"]
[BlackElo "1951"]
[PlyCount "59"]
[EventDate "2013.11.30"]
[EventType "swiss"]
[EventRounds "9"]
[EventCountry "ESP"]
[Source "lmi"]
[SourceDate "2013.11.30"]

1. Nf3 c5 2. c4 Nc6 3. Nc3 e5 4. g3 g6 5. Bg2 Bg7 6. a3 a5 7. O-O Nge7 8. Ne1
O-O 9. Nc2 d6 10. Ne3 Rb8 11. Rb1 h6 12. d3 Kh7 13. Bd2 f5 14. Ned5 Nxd5 15.
Nxd5 b6 16. b4 Bd7 17. bxc5 bxc5 18. e3 e4 19. dxe4 Ne5 20. Qc2 Rxb1 21. Rxb1
fxe4 22. Bxe4 Bf5 23. Bxf5 Nf3+ 24. Kg2 Rxf5 25. Bc3 Qg5 26. Rb7 Qh5 27. Rxg7+
Kh8 28. Rxg6+ Ne5 29. Bxe5+ dxe5 30. Rg8+ 1-0

[Event "14. Open de la Constitución 2013"]
[Site "San Sebastian de los Reyes ES"]
[Date "2013.12.01"]
[Round "2.3"]
[White "Baeza Escudero, Javier"]
[Black "Hernando Pertierra, Jose C"]
[Result "0-1"]
[WhiteElo "1969"]
[BlackElo "2379"]
[PlyCount "54"]
[EventDate "2013.11.30"]
[EventType "swiss"]
[EventRounds "9"]
[EventCountry "ESP"]
[Source "lmi"]
[SourceDate "2013.11.30"]

1. d4 Nf6 2. c4 e6 3. g3 Bb4+ 4. Bd2 Qe7 5. Bg2 Nc6 6. Nf3 Bxd2+ 7. Qxd2 Ne4 8.
Qc1 Qb4+ 9. Nc3 Nxc3 10. Qxc3 Qxc3+ 11. bxc3 d6 12. O-O Rb8 13. Rab1 b6 14. Nd2
Na5 15. c5 Bb7 16. cxd6 cxd6 17. e4 Ba6 18. Rfc1 Rc8 19. f4 Ke7 20. Kf2 Rc7 21.
Nb3 Bd3 22. Ra1 Rhc8 23. Ke3 Rxc3 24. Rxc3 Rxc3 25. Nxa5 bxa5 26. Bh3 Ra3 27.
Kf3 Bxe4+ 0-1